Návrh vhodných metód pre rozhodovanie v oblasti personálneho manažmentu v podmienkach podniku Novácke chemické závody, a.s. Nováky : Diplomová práca

Salvato in:
Dettagli Bibliografici
Autore principale: Chrappa, Ľubomír (Autore)
Altri autori: Štrpka, Alexander, 1938- (xxx)
Natura: Manoscritto Libro
Lingua:slovacco
Pubblicazione: Trnava : STU v Bratislave MtF KPIM, 2004
Soggetti:
Tags: Aggiungi Tag
Nessun Tag, puoi essere il primo ad aggiungerne!!

MARC

LEADER 00000ntm a22000003a 4500
001 stu89333
005 20160719154640.9
008 040728s2004----xo------------------slo-d
040 |a STU  |b slo 
041 0 |a slo 
044 |a xo 
100 1 |a Chrappa, Ľubomír  |4 aut 
245 1 |a Návrh vhodných metód pre rozhodovanie v oblasti personálneho manažmentu v podmienkach podniku Novácke chemické závody, a.s. Nováky :  |b Diplomová práca 
260 |a Trnava :  |b STU v Bratislave MtF KPIM,  |c 2004 
300 |a 91 s  |c príl., CD 
650 7 |a priemyselné inžinierstvo a manažment  |2 stusub 
650 7 |a personalistika  |2 stusub 
700 1 |a Štrpka, Alexander,  |d 1938-  |4 xxx  |u M190  |U MTF Materiálovotechnologická fakulta  |T MTF Katedra priemyselného inžinierstva a manažmentu  |X 1490  |U M190  |Y 167  |7 A000001490 
996 |b 284M060000  |c M*DP-5260  |l MMSKP  |s P  |a 0  |w stu89333_0001